000
00256nam a2200097Ia 4500
082
_a
EKF YOLE
245
0
_a
How do dinosaurs get well soon?
100
_a
YOLEN, Jane London, 2004
_9
93317
942
_c
BK
008
210817s9999 xx 000 0 und d
999
_c
381312
_d
381311